Sanitka 1-4 /

Hlavní autor: Adamec, Jiří, 1948-
Další autoři: Hubač, Jiří, 1929-2011, Fairaizl, Jindřich, 1934-1993, Dvořák, Petr, 1950-, Růžička, Pavel, 1950-, Hanzlík, Jaromír, 1948-, Bartoška, Jiří, 1947-2025, Hudečková, Eva, 1949-
Jazyk: Čeština
Vydáno: Praha : Česká teleivze, 1984
Vydání: DVD 1-4
Edice: Zlatý fond České televize
Témata:
DVD
Fyzický popis: 4 DVD-video : zvuk., barev. ; 12 cm
Video
Uloženo v:
LEADER 02083ngm a2200469 a 4500
001 000897923
003 CZ BrMZK
005 20091002135729.0
008 080520s1984 xr ||||es||||||||| cze d
040 |a BOA001  |b cze 
080 |a 791(437)  |2 MRF 
080 |a 61  |2 MRF 
080 |a (084.122)791.242.097  |2 MRF 
080 |a (0.034.44)  |2 MRF 
100 1 |a Adamec, Jiří,  |d 1948-  |7 jk01010044  |4 drt 
245 1 0 |a Sanitka  |h [videozáznam].  |p 1-4 /  |c Jiří Adamec 
250 |a DVD 1-4 
256 |a Data (7,12 ; 7,31 ; 7,44 ; 7,07 GB) 
260 |a Praha :  |b Česká teleivze,  |c 1984 
300 |a 4 DVD-video :  |b zvuk., barev. ;  |c 12 cm 
490 1 |a Zlatý fond České televize 
500 |a Příl. k čas.: DiViDi 
511 0 |a Hrají: Jaromír Hanzlík, Jiří Bartoška, Eva Hudečková a další 
650 0 7 |a lékařství  |7 ph115195  |2 czenas 
655 4 |a československé filmy 
655 7 |a televizní seriály  |7 fd118943  |2 czenas 
655 7 |a DVD  |7 fd186912  |2 czenas 
700 1 |a Hubač, Jiří,  |d 1929-2011  |7 jk01043105  |4 sce 
700 1 |a Fairaizl, Jindřich,  |d 1934-1993  |7 jk01030681  |4 sce 
700 1 |a Dvořák, Petr,  |d 1950-  |7 jn19981000874  |4 cmp 
700 1 |a Růžička, Pavel,  |d 1950-  |7 jo2005274180  |4 cmp 
700 1 |a Hanzlík, Jaromír,  |d 1948-  |7 jn20000400883  |4 act 
700 1 |a Bartoška, Jiří,  |d 1947-2025  |7 jn19981228036  |4 act 
700 1 |a Hudečková, Eva,  |d 1949-  |7 jn19990209279  |4 act 
830 0 |a Zlatý fond České televize 
910 2 |a BOA001  |b CDR2-1204.745 
990 |a VI 
991 |b 200901 
996 6 |b 2610345439  |c CDR2-1204.745  |d 1  |v 1  |l Stud. periodik/2.patro  |r Sklad / do 1 hodiny  |n 0  |p p.v.  |w 000897923  |u 000010  |a 1  |e BOA001  |j MZK50  |s P 
996 6 |b 2610345440  |c CDR2-1204.745  |d 2  |v 2  |l Stud. periodik/2.patro  |r Sklad / do 1 hodiny  |n 0  |p p.v.  |w 000897923  |u 000020  |a 1  |e BOA001  |j MZK50  |s P 
996 6 |b 2610345441  |c CDR2-1204.745  |d 3  |v 3  |l Stud. periodik/2.patro  |r Sklad / do 1 hodiny  |n 0  |p p.v.  |w 000897923  |u 000030  |a 1  |e BOA001  |j MZK50  |s P 
996 6 |b 2610345442  |c CDR2-1204.745  |d 4  |v 4  |l Stud. periodik/2.patro  |r Sklad / do 1 hodiny  |n 0  |p p.v.  |w 000897923  |u 000040  |a 1  |e BOA001  |j MZK50  |s P